|
|
|
|
| LEADER |
00000nam0a2200000 4500 |
| 001 |
51372 |
| 005 |
20231031035431.0 |
| 010 |
|
|
|a 5931960813
|
| 035 |
|
|
|a (RuTPU)RU\TPU\book\53793
|
| 090 |
|
|
|a 51372
|
| 100 |
|
|
|a 20030429d2002 k y0rusy50 ca
|
| 101 |
0 |
|
|a rus
|
| 102 |
|
|
|a RU
|
| 105 |
|
|
|a a l 000zy
|
| 200 |
1 |
|
|a Руководящие указания по расчету токов короткого замыкания и выбору электрооборудования
|a РД 153-34.0-20.527-98
|f Российское акционерное общество энергетики и электрификации ЕЭС России
|
| 210 |
|
|
|a Москва
|c НЦ ЭНАС
|d 2002
|
| 215 |
|
|
|a 152 с.
|c ил.
|
| 610 |
1 |
|
|a электроэнергетика
|
| 610 |
1 |
|
|a электрооборудование
|
| 610 |
1 |
|
|a короткое замыкание
|
| 610 |
1 |
|
|a параметры
|
| 610 |
1 |
|
|a расчетные схемы
|
| 610 |
1 |
|
|a электроустановки переменного тока
|
| 610 |
1 |
|
|a электродинамическая стойкость
|
| 610 |
1 |
|
|a термическая стойкость
|
| 610 |
1 |
|
|a электрические аппараты
|
| 610 |
1 |
|
|a коммутационная способность
|
| 610 |
1 |
|
|a ЭВМ
|
| 610 |
1 |
|
|a расчет
|
| 610 |
1 |
|
|a руководящие указания
|
| 675 |
|
|
|a 621.311.014
|v 3
|
| 675 |
|
|
|a 621.311.002.5
|v 3
|
| 712 |
0 |
2 |
|a Единая энергетическая система России (ОАО РАО "ЕЭС России")
|c Российское открытое акционерное общество энергетики и электрификации
|c (Москва)
|2 stltpush
|3 (RuTPU)RU\TPU\col\26
|
| 801 |
|
1 |
|a RU
|b 63413507
|c 20030429
|g PSBO
|
| 801 |
|
2 |
|a RU
|b 63413507
|c 20130528
|g PSBO
|
| 942 |
|
|
|c BK
|